000 01081nam a2200337 a 4500
001 vtls001889438
003 NLI
005 20210629114643.0
008 160406s2013 ii 001 0 eng
020 _a9789382730095
_cRs.995.00
039 9 _a201604121129
_bsantanuc
_y201604061210
_zswapankp
040 _aNLI :
_beng
041 0 _aeng
044 _aii
060 _aKanpur :
_bGarima Prakashan,
_c2013
082 0 4 _a332.1780954
_222
100 1 _aJoshi, V. N.
_91163306
245 1 0 _aE-banking in India /
_cV. N. Joshi
300 _a296 p. ;
_c22 cm.
504 _aIncludes bibliographical references and index
650 0 _aInternet banking
_zIndia
_9999387
887 _aSwapan Kumar Pailan Santanu Chanda
901 _aDB146749 :
_b24.03.14
902 _aE 332.1780954 J 78
904 _aSwapan Kumar Pailan
905 _aSantanu Chanda
949 _AVIRTUAITEM
_D10000
_X100
_6DBA000146749ENG
942 _2ddc
_cBKS
999 _aVIRTUA40
_c1321069
_d1321069
999 _aVTLSSORT0080*0200*0400*0410*0440*0820*1000*2450*0600*3000*5040*6500*8520*9010*9020*9040*9050*9992